Archivo de don Bernardo O'Higgins

Saved in:
Bibliografiske detaljer
Institution som forfatter: Academia Chilena de la Historia (Author)
Format: Bog
Sprog:spansk
Udgivet: Santiago Academia Chilena de la Historia 2005
Udgivelse:1a. ed
Fag:
Tags: Tilføj Tag
Ingen Tags, Vær først til at tagge denne postø!

MARC

LEADER 00000nam a2200000 a 4500
001 UCJ9047
003 CL-VaPUC
008 070302e20050000CL |||||||||||||||||spa|d
020 |a 9567563047v.36 p.2 
082 0 4 |a 983.04  |b ACA  |2 21 
110 2 |a Academia Chilena de la Historia  |e author  |9 518946 
245 1 0 |a Archivo de don Bernardo O'Higgins 
250 |a 1a. ed 
300 |a v 
942 |c BK 
945 |d 20070302 00:00:00  |a cmena 
260 |a Santiago  |b Academia Chilena de la Historia  |c 2005 
500 |a v.36 p.2: Correspondencia del Comandante en Jefe de la Escuadra Chilena Thomas Alexander Cochranne, Dundonald Papers. Archivo Edimburgo. Segunda parte, 1820 
500 |a v.37 p.3: Correspondencia del Comandante en Jefe de la Escuadra Chilena Lord Thomas Alexander Cochrane, Dundonald Papers, Archivo Edimburgo. Tercera parte, 1821-1823 
600 0 |a O'higgins Riquelme, Bernardo  |9 317764 
600 0 |a Cochrane, Thomas Alexander  |9 438892 
600 0 7 |a ARCHIVO EDIMBURGO  |2 CL-VaPUC  |9 518947 
650 0 |a Historia de Chile  |9 265473 
650 0 |a Fuerzas Armadas  |9 255504 
650 0 |a Correspondencia  |9 258963 
650 0 |a Fuentes Históricas  |9 265141 
583 |a last modification  |c 20070302 00:00:00  |k Rodrigo Vera 
999 |c 324686  |d 324684 
952 |0 0  |1 0  |4 0  |6 983_040000000000000_ACA_2005  |7 0  |8 X  |9 404981  |a BIBHIS  |b BIBHIS  |d 2019-11-22  |h v.36 p.2  |i 4313933  |o 983.04 ACA 2005  |p 4313933  |r 2024-01-30  |w 2019-11-22  |y BK_X  |k HIS 
952 |0 0  |1 0  |4 0  |6 983_040000000000000_ACA_2005  |7 0  |8 X  |9 404982  |a BIBHIS  |b BIBHIS  |d 2019-11-22  |h v.36 p.2  |i 4313941  |o 983.04 ACA 2005  |p 4313941  |r 2024-01-30  |w 2019-11-22  |y BK_X  |k HIS 
952 |0 0  |1 0  |4 0  |6 983_040000000000000_ACA_2005  |7 0  |8 DER_HIS  |9 404983  |a BIBDER  |b BIBDER  |d 2019-11-22  |h v.36 p.2  |i 4368177  |l 1  |o 983.04 ACA 2005  |p 4368177  |r 2023-01-25  |s 2020-03-17  |w 2019-11-22  |x Ubicación 4to Piso  |y BK_X  |z Estos recursos deben solicitarse con anticipación  |k DER 
952 |0 0  |1 0  |4 0  |6 983_040000000000000_ACA_2005  |7 0  |8 X  |9 404984  |a BIBHIS  |b BIBHIS  |d 2019-11-22  |h v.37  |i 4553020  |o 983.04 ACA 2005  |p 4553020  |r 2024-01-30  |w 2019-11-22  |y BK_X  |k HIS 
952 |0 0  |1 0  |4 0  |6 983_040000000000000_ACA_2005  |7 0  |8 DER_HDC  |9 404985  |a BIBDER  |b BIBDER  |d 2019-11-22  |h v.37  |i 4760638  |l 1  |o 983.04 ACA 2005  |p 4760638  |r 2023-01-25  |s 2020-03-16  |w 2019-11-22  |x Ubicación 4to Piso  |y BK_X  |z Estos recursos deben solicitarse con anticipación  |k DER 
952 |0 0  |1 0  |4 0  |6 983_040000000000000_ACA_2005  |7 0  |8 X  |9 404986  |a BIBHIS  |b BIBHIS  |d 2019-11-22  |h v.37 p.3  |i 4754832  |o 983.04 ACA 2005  |p 4754832  |r 2024-01-30  |w 2019-11-22  |y BK_X  |k HIS